00634nam a2200205 a 450000500170000000800410001704000250005804100080008308200170009110000150010824500730012326000450019630000560024165000270029765000220032465000260034665000180037265000180039065000200040820191224041749.0140317t1961 dk ad fr|||| 00| 0 eng d aCO-BoIAVHcCO-BoIAVH aeng 4a598.15bL74s1 aLind, Hans1 aStudies on the behaviour the blak-tailed godwit (Limiosa limosa (L)) aCopenhagenbMunksgaard, Copenhagenc1961 a157 paginas.bilustraciones, graficos; c24 x 16 cm 4aAves xComportamiento  4aBirds xBehaviour 6aComportamiento animal 6aBlack- Tailed 6aLimosa limosa 6aAguja colinegra